NLSUI OPAC header image

Manual for social workers dealing with child victims of trafficking and commercial sexual exploitation (Record no. 110913)

MARC details
000 -LEADER
fixed length control field 00423nam a2200133Ia 4500
008 - FIXED-LENGTH DATA ELEMENTS--GENERAL INFORMATION
fixed length control field 180321s2005 xx 000 0 und d
082 ## - DEWEY DECIMAL CLASSIFICATION NUMBER
Classification number 364.1534 UNI
245 ## - TITLE STATEMENT
Title Manual for social workers dealing with child victims of trafficking and commercial sexual exploitation
260 ## - PUBLICATION, DISTRIBUTION, ETC.
Place of publication, distribution, etc. New Delhi
Name of publisher, distributor, etc. UNICEF
Date of publication, distribution, etc. 2005
300 ## - PHYSICAL DESCRIPTION
Extent 202
650 ## - SUBJECT ADDED ENTRY--TOPICAL TERM
Topical term or geographic name entry element Children - trafficking
650 ## - SUBJECT ADDED ENTRY--TOPICAL TERM
Topical term or geographic name entry element Prevention
906 ## - LOCAL DATA ELEMENT F, LDF (RLIN)
a Received on 12.01.2018
Holdings
Withdrawn status Lost status Damaged status Not for loan Collection code Home library Current library Shelving location Date acquired Total Checkouts Barcode Date last seen Price effective from Koha item type
          . .   01.12.2018   REP13202 29.03.2018 29.03.2018 Repository